00241pam a2200109 a 4500020000500000041000500005082001300010100001400023245004800037260003800085300000800123 c h a658bDAF aDaft,R.L. aPrinciples Of ManagementhTextual Documents aNew DelhibCengage Learningc2009 a684